Normal view
MARC view
- Robert F. Meigs, Mary A. Meigs and Mark Bettner and Ray Whittington
Entry Personal Name
001 - CONTROL NUMBER
- control field: 3414
003 - CONTROL NUMBER IDENTIFIER
- control field: OSt
005 - DATE AND TIME OF LATEST TRANSACTION
- control field: 20200902114927.0
008 - FIXED-LENGTH DATA ELEMENTS
- fixed length control field: 200902|| aca||aabn | a|a d
040 ## - CATALOGING SOURCE
- Original cataloging agency: OSt
- Transcribing agency: OSt
100 ## - HEADING--PERSONAL NAME
- Personal name: Robert F. Meigs, Mary A. Meigs and Mark Bettner and Ray Whittington
670 ## - SOURCE DATA FOUND
- Source citation: Work cat.: (OSt): Meigs, Robert F. 200, Financial Accounting , c1998
